<?xml version="1.0" encoding="UTF-8"?>
<collection xmlns="http://www.loc.gov/MARC21/slim">
 <record>
  <leader>01893nam a22002415a 4500</leader>
  <controlfield tag="001">CEM.cems006645</controlfield>
  <controlfield tag="008">130507s1988##################000#0#####d</controlfield>
  <controlfield tag="005">20220929193535.0</controlfield>
  <datafield tag="245" ind1="1" ind2="0">
   <subfield code="a">Historia del sudoeste bonaerense /</subfield>
   <subfield code="c">Coordinado Por Félix Weinberg</subfield>
  </datafield>
  <datafield tag="260" ind1=" " ind2=" ">
   <subfield code="a">Buenos Aires :</subfield>
   <subfield code="b">Plus Ultra,</subfield>
   <subfield code="c">1988</subfield>
  </datafield>
  <datafield tag="300" ind1=" " ind2=" ">
   <subfield code="a">331 p.</subfield>
  </datafield>
  <datafield tag="505" ind1="0" ind2=" ">
   <subfield code="a">El espacio geográfico / Margarita Bróndolo de Mazeris y Alicia S. Zinger de Bilhé -- Prehistoria / María Emilia Pérez Amat y Diana Scheines de Tiverovsky -- La población aborigen / Celia Nancy Priegue -- Descubrimientos geográficos / Rosario Guenaga de Silva -- El poblamiento regional / Félix Weinberg -- Apéndice: datos demográficos de los partidos según el Censo Nacional de 1980 -- Economía    regional / Mabel Cernadas de Bulnes -- Evolución política / Mabel Cernadas de Bulnes -- Educación y cultura regional / Mabel Cernadas de Bulnes -- Segunda parte: La etapa fundacional (1821-1834) / Hilda Raquel Zapico -- La consolidación (1835-1880) / Ana María Cignetti -- Inmigración / Gustavo A. Monacci -- Economía / Hernán Asdrúbal Silva -- Transportes, puertos y comunicaciones / Margarita Bróndolo de Mazeris y Alicia S. Zinger de Bilhé -- Sociedad / Félix Weinberg -- Política e instituciones / Mabel N. Cernadas de Bulnes -- Cultura / Cristina Estecondo -- Las últimas décadas / Félix Weinberg</subfield>
  </datafield>
  <datafield tag="020" ind1=" " ind2=" ">
   <subfield code="a">9502109406</subfield>
  </datafield>
  <datafield tag="100" ind1="1" ind2=" ">
   <subfield code="a">Weinberg, Félix</subfield>
  </datafield>
  <datafield tag="082" ind1="0" ind2="4">
   <subfield code="a">982.1</subfield>
  </datafield>
  <datafield tag="653" ind1=" " ind2=" ">
   <subfield code="a">Historia</subfield>
  </datafield>
  <datafield tag="653" ind1=" " ind2=" ">
   <subfield code="a">Historia de bahía blanca</subfield>
  </datafield>
  <datafield tag="653" ind1=" " ind2=" ">
   <subfield code="a">Bahía blanca-historia</subfield>
  </datafield>
  <datafield tag="859" ind1=" " ind2=" ">
   <subfield code="a">CEMS</subfield>
   <subfield code="b">BIB. CEMS - 11 de abril</subfield>
   <subfield code="h">982.1</subfield>
   <subfield code="i">W43</subfield>
   <subfield code="p">16630.92</subfield>
   <subfield code="t">Ej.1</subfield>
  </datafield>
  <datafield tag="859" ind1=" " ind2=" ">
   <subfield code="a">CEMS</subfield>
   <subfield code="b">BIB. CEMS - 11 de abril</subfield>
   <subfield code="h">982.1</subfield>
   <subfield code="i">W43</subfield>
   <subfield code="p">16631.92</subfield>
   <subfield code="t">Ej.2</subfield>
  </datafield>
  <datafield tag="859" ind1=" " ind2=" ">
   <subfield code="a">CEMS</subfield>
   <subfield code="b">BIB. CEMS - 11 de abril</subfield>
   <subfield code="h">982.1</subfield>
   <subfield code="i">W43</subfield>
   <subfield code="p">19249.97</subfield>
   <subfield code="t">Ej.3</subfield>
  </datafield>
  <datafield tag="859" ind1=" " ind2=" ">
   <subfield code="a">CEMS</subfield>
   <subfield code="b">BIB. CEMS - 11 de abril</subfield>
   <subfield code="h">982.1</subfield>
   <subfield code="i">W43</subfield>
   <subfield code="p">25207.08</subfield>
   <subfield code="t">Ej.4</subfield>
  </datafield>
  <datafield tag="859" ind1=" " ind2=" ">
   <subfield code="a">CEMS</subfield>
   <subfield code="b">BIB. CEMS - 11 de abril</subfield>
   <subfield code="h">982.1</subfield>
   <subfield code="i">W43</subfield>
   <subfield code="p">29068.20</subfield>
   <subfield code="t">Ej.5</subfield>
  </datafield>
 </record>
</collection>
